000 00331nam a22001457a 4500
008 230530b ||||| |||| 00| 0 eng d
020 _a9782213608198
041 _aFRA
080 _a82
082 _a82GIR
100 _a38
101 _aGJL
245 _aON NE PEUT PAS ETRE HEUREUX TOUT LE TEMPS
_cGIROUD .F
942 _2udc
_cBK
999 _c59878
_d59878